Kino and Manje Explorers of Sonora and Arizona : Their Vision of the Future : A study of Their Expeditions and Plans /

Este libro es un ensayo histórico sobre las exploraciones realizadas en el siglo XVII por los sacerdotes jesuitas Kino y Manje. Contiene algunos documentos (informes, diarios) escritos por los exploradores.

Uloženo v:
Podrobná bibliografie
Hlavní autor: Burrus, Ernest J. (edición)
Médium: Kniha
Jazyk:angličtina
Vydáno: Roma, Italia : Saint Louis, EUA : Jesuit Historical Institute ; Saint Louis University, 1971
Edice:(Sources and Studies for the History of the Americas ; 10)
Témata:
Tagy: Přidat tag
Žádné tagy, Buďte první, kdo vytvoří štítek k tomuto záznamu!

MARC

LEADER 00000nam^a2200000^a^4500
001 000585103
005 20250526000000.0
009 20260310132723.044
037 |a Acervo ITESO - Biblioteca 
041 |a ING 
082 |a 972. 03  |b BUR 
100 |a Burrus, Ernest J.  |e (edición) 
245 1 0 |a Kino and Manje Explorers of Sonora and Arizona :  |b Their Vision of the Future : A study of Their Expeditions and Plans /  |c Ed. de E.J. Burrus. 
264 1 |a Roma, Italia :  |b Jesuit Historical Institute ;  |a Saint Louis, EUA :  |b Saint Louis University,  |c 1971 
300 |a XI, 793 p., 1 mapa ;  |c 24.5 cm. 
336 |a texto  |b txt  |2 rdacontenido 
337 |a sin mediación  |b n  |2 rdamedio 
338 |a volumen  |b nc  |2 rdasoporte 
440 1 |a (Sources and Studies for the History of the Americas ;  |v 10) 
520 |a Este libro es un ensayo histórico sobre las exploraciones realizadas en el siglo XVII por los sacerdotes jesuitas Kino y Manje. Contiene algunos documentos (informes, diarios) escritos por los exploradores. 
561 |a Ex libris de J. Jesús Gómez Fregoso, Universidad de Guadalajara 
649 |a XX 
650 |a Evangelizadores Italianos 
650 |a Religiosos Italianos 
650 |a Jesuitas en Baja California 
650 |a Jesuitas en México 
650 |a Jesuitas en California, EUA 
650 |a Jesuitas en Arizona, EUA 
650 |a Monasticismo y Ordenes Religiosas -  |z México 
650 |a Monasticismo y Ordenes Religiosas -  |z EUA 
650 |a Iglesia Católica en México 
650 |a Iglesia Católica en California, EUA 
650 |a Misiones -  |z Baja California 
650 |a Misiones -  |z California, EUA 
650 |a Misiones -  |z Arizona, EUA 
650 |a Evangelización -  |z México -  |x Historia -  |y Epoca Colonial, 1517-1821 
650 |a Cartas Mexicanas 
650 |a México -  |x Historia -  |y Virreinato, 1535-1821 
650 |a México -  |x Historia -  |y Epoca Colonial, 1517-1821 
650 |a Baja California -  |x Historia -  |y Epoca Colonial, 1517-1821 
650 |a California, EUA -  |x Historia -  |y Epoca Colonial, 1607-1783 
650 |a Arizona, EUA -  |x Historia -  |y Epoca Colonial, 1607-1783 
650 |a Kino, Eusebio Francisco -  |x Tema Principal 
650 |a Manje, Juan Mateo -  |x Tema Principal 
910 |a Fondo Jesús Gómez Fregoso S.J. ITE 
920 |a Impresos - Libros 
930 |a Libros Antiguos y Raros 
940 |a Jesuitas 
905 |a 138 
901 |a 0500412989  |b IT2  |c LRA  |i D69702  |u 20250526 
901 |a 0500412990  |b IT2  |c LRA  |i D  |u 20250526 
902 |a https://opac.biblio.iteso.mx/vufind/Record/000585103